| 000 | 00799 a2200289 4500 | ||
|---|---|---|---|
| 001 | 71300 | ||
| 999 |
_c71300 _d28834 |
||
| 003 | TR-AnTOB | ||
| 005 | 20200601150409.0 | ||
| 008 | 110805s2008 tu 000 0 | ||
| 020 | _a9789751942395 | ||
| 040 | _aTR-AnTOB | ||
| 041 | _atur | ||
| 050 |
_aHD9621 _b.U48 2008 |
||
| 090 | _aHD9621 .U48 2008 | ||
| 100 |
_aUlu, Mustafa İlker _945594 |
||
| 245 | 0 |
_aDünya doğal taş ticaretinde Türkiye' nin konumu / _cMustafa İlker Ulu ; Editör İstem Erdener. |
|
| 264 | 1 |
_aİstanbul: _bİMMİB, _c2008. |
|
| 300 | _a235 s. | ||
| 650 | 0 |
_aStone industry and trade _945595 |
|
| 650 | 7 |
_aTaş endüstrisi ve ticareti _2etuturkob _945596 |
|
| 700 |
_aErdener, İstem _942555 |
||
| 902 | _a0024669, 0027320 | ||
| 903 | _aMerkez Kütüphane | ||
| 945 | _aCS | ||
| 942 | _cBK | ||